Loading...

Understanding Pascal : Turbo version /

Bibliografiske detaljer
Hovedforfatter: Baumann, Susan K.
Andre forfattere: Mandell, Steven L.
Format: Printed Book
Udgivet: St. Paul : West Pub. Co., c1990.
Fag:
LEADER 01454cam a2200241 a 4500
082 0 0 |a 005.26P 
100 1 |a Baumann, Susan K. 
245 1 0 |a Understanding Pascal :  |b Turbo version /  |c Susan K. Baumann, Steven L. Mandell. 
260 |a St. Paul :  |b West Pub. Co.,  |c c1990. 
300 |a xx, 327, [62] p. : 
700 1 |a Mandell, Steven L. 
942 |c BK 
500 |a Includes index. 
630 0 0 |a Turbo Pascal (Computer file) 
906 |a 7  |b cbc  |c orignew  |d 1  |e ocip  |f 19  |g y-gencatlg 
955 |a pc12 to br00 11-22-88; br11 to SCD 11-23-88; fg05 11-28-88; fn26 12-02-88 
999 |c 263028  |d 263028 
952 |0 0  |1 0  |4 0  |6 005_000000000000000_26P_BAU_U  |7 0  |9 297758  |a CCS  |b CCS  |c ST1  |d 2013-07-30  |l 0  |o 005.26P BAU/U  |p CCS24  |r 2016-08-30  |w 2016-08-30  |y BK 
952 |0 0  |1 0  |4 0  |6 005_000000000000000_26P_BAU_U  |7 0  |9 297759  |a CCS  |b CCS  |c ST1  |d 2013-07-30  |l 0  |o 005.26P BAU/U  |p CCS524  |r 2016-08-30  |w 2016-08-30  |y BK 
952 |0 0  |1 0  |4 0  |6 005_000000000000000_26P_BAU_U  |7 0  |9 297760  |a CCS  |b CCS  |c ST1  |d 2013-07-30  |l 0  |o 005.26P BAU/U  |p CCS520  |r 2016-08-30  |w 2016-08-30  |y BK 
952 |0 0  |1 0  |4 0  |6 005_000000000000000_26P_BAU_U  |7 0  |9 297761  |a CCS  |b CCS  |c ST1  |d 2013-07-30  |l 0  |o 005.26P BAU/U  |p CCS521  |r 2016-08-30  |w 2016-08-30  |y BK 
952 |0 0  |1 0  |4 0  |6 005_000000000000000_26P_BAU_U  |7 0  |9 297762  |a CCS  |b CCS  |c ST1  |d 2013-07-30  |l 0  |o 005.26P BAU/U  |p CCS523  |r 2016-08-30  |w 2016-08-30  |y BK 
952 |0 0  |1 0  |4 0  |6 005_000000000000000_26P_BAU_U  |7 0  |9 297763  |a CCS  |b CCS  |c ST1  |d 2013-07-31  |l 0  |o 005.26P BAU/U  |p CCS522  |r 2016-08-30  |w 2016-08-30  |y BK